01018cam a22002533a 45000010005000000030006000050050017000110080041000280400015000690420007000840500007000912450095000982600029001935050265002225060030004875160020005176530026005377000032005638300028005958560041006239420007006649990019006719520074006906323PGUSA20140828083131.0040801s2004||||xxu|||||s|||||000 | eng d aPGUSAbeng adc 4aPZ14aThe Junior Classics — Volume 4 :bHeroes and heroines of chivalryh[electronic resource] bProject Gutenberg,c20040 aThe story of King Arthur -- The Mabinogion -- Tales from early English chronicles -- Tales told by Chaucer's Canterbury pilgrims -- Tales from French and Italian chronicles -- the Spanish chronicle of the Cid -- Tales of Robin Hood -- Don Quixote de la Mancha. aPublic domain in the USA. aElectronic text aChildren's literature1 aPatten, William,d1868-1936 0aProject Gutenbergv632340uhttp://www.gutenberg.org/ebooks/6323 cEB c235646d235646 001040aGTBbGTBd2014-08-28l0r2014-08-28 00:00:00w2014-08-28yEB